| 000 | 00798 a2200265 4500 | ||
|---|---|---|---|
| 003 | OSt | ||
| 005 | 20180116192334.0 | ||
| 008 | 120229t xxu||||| |||| 00| 0 eng d | ||
| 010 | _a00265623 | ||
| 020 | _a0684869713 | ||
| 040 | _c0 | ||
| 082 | 0 | 0 | _a813.52 |
| 100 | 1 |
_aRand, Ayn. _9348 |
|
| 245 | 1 | 4 |
_aThe fountainhead / _cAyn Rand ; with an introduction by the author. |
| 250 | _a1st Scribner Classics ed. | ||
| 260 |
_aNew York : _bScribner Classics, _c2000. |
||
| 300 |
_axiii, 727 p. ; _c25 cm. |
||
| 650 | 0 |
_aArchitects _9349 |
|
| 650 | 0 |
_aIndividualism _9350 |
|
| 655 | 7 |
_aPsychological fiction. _9351 |
|
| 655 | 7 |
_aDidactic fiction. _9352 |
|
| 655 | 7 |
_aLove stories. _9353 |
|
| 942 |
_aSADA _cBK _k813.52 RAN 2000 _2ddc |
||
| 999 |
_c352399 _d352399 |
||